Dar la muerte

Kaydedildi:
Detaylı Bibliyografya
Yazar: Derrida, Jacques 1930-2004 (Yazar)
Materyal Türü: Kitap
Dil:İspanyolca
Baskı/Yayın Bilgisi: Barcelona Paidós 2000
Seri Bilgileri:Paidós Básica
Konular:
Etiketler: Etiketle
Etiket eklenmemiş, İlk siz ekleyin!

MARC

LEADER 00000nam a2200000 a 4500
001 UCM2726
003 CL-VaPUC
008 020613e20000000SP |||||||||||||||||spa|d
082 0 4 |a 128.5  |b DER  |2 21 
100 |a Derrida, Jacques   |d 1930-2004  |e author  |9 449254 
245 1 0 |a Dar la muerte 
300 |a 147 p 
942 |c BK 
945 |d 20020613 00:00:00  |a cmena 
260 |a Barcelona  |b Paidós  |c 2000 
650 0 |a Muerte  |9 265114 
650 0 |a Antropología filosófica  |9 265842 
650 0 |a Filosofía de la religión   |9 256017 
583 |a last modification  |c 20121001 12:25:51  |k Rodrigo Vera 
490 0 |a Paidós Básica 
999 |c 300447  |d 300445 
952 |0 0  |1 0  |4 0  |6 128_500000000000000_DER_2000  |7 0  |8 A  |9 358230  |a FDOPOS  |b FDOPOS  |d 2019-11-21  |i 3814300  |o 128.5 DER 2000  |p 3814300  |r 2019-11-21  |w 2019-11-21  |y BK  |k MLH